| 000 | 00433nam a22001457a 4500 | ||
|---|---|---|---|
| 082 | _aP-733 | ||
| 100 |
_aArif, Capt Muhammad Adnan _951200 |
||
| 245 | _aAnalysis of Shujaat Block Through E-Tab, Revit, Auto CAD and GEO Technical Aspects | ||
| 260 |
_aRisalpur, _bMCE, _c2017. |
||
| 300 |
_a55P. _c28cm. |
||
| 526 |
_a0 _b0 _c0 _dP_733 |
||
| 650 |
_aStructure _bSyn#1 2017 _951201 |
||
| 700 |
_aMaj Dr Rizwan _950970 |
||
| 942 |
_2ddc _cBK |
||
| 999 |
_c553955 _d553955 |
||